[Event "Superbet Blitz GCT 2019"]
[Site "Bucharest"]
[Date "2019.11.09"]
[Round "1"]
[White "Caruana, Fabiano"]
[Black "Anand, Viswanathan"]
[Result "1-0"]
[WhiteElo "2822"]
[BlackElo "2757"]
[Annotator "TA"]
[PlyCount "110"]
[EventDate "2019.11.09"]
[EventType "tourn"]
[EventCountry "ROU"]
[SourceTitle "playchess.com"]
[Source "ChessBase"]
[SourceQuality "1"]

{[%evp 9,110,-2,10,16,14,2,8,5,10,-26,0,0,0,-10,-13,-12,11,0,-2,0,23,0,29,27,20,20,17,25,27,28,21,23,30,10,13,0,18,0,61,56,92,20,45,40,64,40,34,31,29,0,65,29,41,0,58,65,80,68,114,114,114,122,115,108,108,46,58,59,60,56,55,31,35,10,39,-8,-5,-85,-43,-51,-14,-29,-8,-15,-8,-67,-29,-16,0,-8,0,0,0,0,18,0,0,0,0,-8,23,22,216]} 1. e4 e5 2. Nf3 Nc6 3. Bb5 Nf6 4. d3 Bc5 5. Nc3 d6 6. Na4 {C48: Four Knights: 4 Bb5, replies other than 4...Bb4} Bb6 7. Nxb6 axb6 8. c3 O-O 9. Ba4 Ne7 10. Bc2 Ng6 11. h3 d5 12. O-O Re8 $146 ({Predecessor:} 12... dxe4 13. dxe4 Qxd1 14. Rxd1 Bd7 15. Nh2 Rfd8 16. f3 Be6 17. Rxd8+ Rxd8 18. Nf1 Nd7 19. Be3 {1-0 (54) Bruzon Batista,L (2660)-Priyadharshan,K (2516) Saint Louis 2017}) 13. a4 dxe4 14. dxe4 Be6 15. Be3 h6 16. Kh2 Qe7 17. Qe2 Nh7 18. g3 Nf6 19. Rfd1 Red8 20. Rxd8+ Qxd8 21. Rd1 Qe8 22. Nd2 Nf8 23. Nc4 N6d7 (23... Bd7 $11) 24. b4 f6 25. a5 (25. Bc1 $16) 25... Qf7 26. Bd3 {[%cal Ra5b6]} bxa5 27. Nxa5 b6 28. Nc6 Ng6 29. Bb5 Ne7 (29... f5 $11) 30. Qd3 {[#] And now Nxe7+ would win.} Ng6 31. Qe2 Ngf8 (31... Ne7 $11) 32. f4 $14 exf4 33. gxf4 f5 34. Nd4 Ra2 35. Rd2 Rxd2 36. Bxd2 Kh8 37. e5 (37. Nxe6 $16 Nxe6 38. exf5) 37... Bd5 38. Bd3 g6 39. c4 Be6 40. Nc6 Qe8 41. Be3 Bf7 (41... Nc5 $5 42. bxc5 (42. Bxc5 bxc5 43. b5 Bd7 $15) 42... Qxc6 $16) 42. c5 Nxc5 43. Bb5 (43. bxc5 $11 Qxc6 44. Bb5) 43... Nce6 44. Qd2 Qa8 45. Ne7 $1 Kh7 46. Nd5 Kg7 47. Nf6 ({White should try} 47. Be2 $11) 47... Nh7 48. Bc4 Nhf8 49. h4 c5 50. h5 cxb4 51. hxg6 ({But not} 51. Bxb6 Qc6 $17) 51... Bxg6 52. Bd5 Qa3 53. Bxb6 b3 {[#] aiming for ...b2.} 54. Bd4 Kf7 55. Bc3 {Strongly threatening Qd4.} Kg7 $2 {Accuracy: White = 51%, Black = 39%.} (55... Qa4 $11 {and Black stays safe.}) 1-0

[Event "Superbet Blitz GCT 2019"]
[Site "Bucharest"]
[Date "2019.11.09"]
[Round "1"]
[White "Giri, Anish"]
[Black "Artemiev, Vladislav"]
[Result "1/2-1/2"]
[WhiteElo "2776"]
[BlackElo "2731"]
[Annotator "TA"]
[PlyCount "74"]
[EventDate "2019.11.09"]
[EventType "tourn"]
[EventCountry "ROU"]
[SourceTitle "playchess.com"]
[Source "ChessBase"]
[SourceQuality "1"]

{[%evp 10,74,39,32,50,29,43,25,43,38,34,0,35,-4,59,0,0,0,30,14,37,0,14,7,12,12,12,11,16,20,24,8,11,0,0,0,0,0,0,0,9,0,1,0,0,-16,0,0,0,0,0,0,0,0,0,0,0,0,0,0,0,0,0,0,4,0,5]} 1. d4 d5 2. c4 c6 3. Nf3 Nf6 4. Nc3 a6 5. e3 g6 6. a4 b6 {D15: Slav Defence: 4 Nc3 a6 and gambit lines after 4 Nc3 dxc4} (6... a5 7. Be2 Bg7 8. O-O O-O 9. b3 Bg4 10. Ba3 Bxf3 11. Bxf3 Re8 12. cxd5 cxd5 13. Qd3 e6 14. Nb5 Bf8 15. Bxf8 Rxf8 16. e4 dxe4 17. Bxe4 {½-½ (41) Mamedyarov,S (2791)-Kamsky,G (2676) Sochi 2017}) 7. h3 $146 ({Predecessor:} 7. Bd3 Bb7 8. cxd5 cxd5 9. O-O Bg7 10. Qe2 O-O 11. Rd1 Nbd7 12. Bd2 Re8 13. Rac1 e5 14. dxe5 Nxe5 15. Nd4 Nxd3 16. Qxd3 Ne4 17. Be1 Rc8 18. Qb1 h5 19. Nxe4 Rxe4 20. Bc3 h4 21. Qd3 {½-½ (21) Haemmerle,A-Heinzelmann,H Austria 1999}) 7... Bg7 8. Be2 O-O {White has an edge.} 9. O-O e6 10. b3 Re8 11. Ba3 Nbd7 ({Better is} 11... a5 $11) 12. Rc1 (12. a5 $14) 12... Bb7 $11 13. cxd5 cxd5 14. Rc2 Rc8 15. Na2 Rxc2 16. Qxc2 Qb8 17. Rc1 Rc8 18. Qd1 Bf8 (18... Ne4 {seems wilder.} 19. Nd2 Ndf6 20. Nxe4 Nxe4 21. Rxc8+ Qxc8 22. Bd3 Bf8) 19. Bxf8 {[#] Bh6 is the strong threat.} Kxf8 20. Rxc8+ Qxc8 {The position is equal.} 21. Qc1 Qxc1+ 22. Nxc1 Ne4 23. Kf1 Ke7 24. Ke1 Kd6 25. Na2 a5 26. Nd2 e5 27. f3 (27. Nf3 {looks sharper.} f6 28. Bd3 Bc6 29. Ng1 f5 30. Ne2) 27... Nxd2 (27... Ng3 {keeps more tension.} 28. Nc3 exd4 29. exd4 Nf8 30. Bd3 f5) 28. Kxd2 exd4 29. exd4 {[%mdl 4096] Endgame KBN-KBN} Nf8 30. Ke3 Ne6 31. f4 Ng7 {And now ...Nf5+ would win.} 32. g4 Bc8 33. Nc3 Bd7 34. Bf3 Be6 35. Nb5+ Kd7 36. Nc3 Kd6 37. Nb5+ Kd7 {Accuracy: White = 38%, Black = 64%.} 1/2-1/2

[Event "Superbet Blitz GCT 2019"]
[Site "Bucharest"]
[Date "2019.11.09"]
[Round "1"]
[White "Mamedyarov, Shakhriyar"]
[Black "Aronian, Levon"]
[Result "1/2-1/2"]
[WhiteElo "2772"]
[BlackElo "2772"]
[Annotator "TA"]
[PlyCount "58"]
[EventDate "2019.11.09"]
[EventType "tourn"]
[EventCountry "ROU"]
[SourceTitle "playchess.com"]
[Source "ChessBase"]
[SourceQuality "1"]

{[%evp 19,58,6,8,0,0,-3,0,-30,-15,-31,-25,-22,0,0,-6,-10,0,0,0,0,0,0,0,-8,0,0,0,-18,-18,-18,-16,-18,-18,-18,-18,-18,-18,-18,-18,-22,0]} 1. d4 Nf6 2. c4 e6 3. Nc3 Bb4 4. Qc2 c5 5. dxc5 O-O 6. Nf3 Na6 {[%cal Bb8a6,Ba6c5,Bc5e4][%mdl 32]} 7. g3 Nxc5 8. Bg2 Nce4 9. O-O Nxc3 10. bxc3 Be7 11. Rd1 {E39: Nimzo-Indian: Classical: 4...c5 5 dxc5 0-0} Qc7 12. Qd3 d6 13. Rb1 {[#]} Rb8 $146 ({Predecessor:} 13... Rd8 14. Nd4 a6 15. Bg5 Rb8 16. Rb3 Bd7 17. Rdb1 b6 18. Nc2 b5 {½-½ (30) Le,Q (2703)-Meier,G (2646) Saint Louis 2012}) 14. Be3 b6 15. Nd4 Bd7 {The position is equal.} 16. Nb5 Bxb5 $1 17. cxb5 Rbc8 18. Bc6 Ng4 {...Ne5 is the strong threat.} 19. Bf4 Ne5 20. Bxe5 $1 dxe5 21. Qd7 Bc5 22. Kg2 Qb8 23. Qb7 Qxb7 24. Bxb7 Rcd8 25. a4 f5 26. e3 Kf7 27. Kf1 Ke7 28. Ke2 Rxd1 29. Rxd1 Rd8 {Accuracy: White = 68%, Black = 59%.} 1/2-1/2

[Event "Superbet Blitz GCT 2019"]
[Site "Bucharest"]
[Date "2019.11.09"]
[Round "1"]
[White "So, Wesley"]
[Black "Karjakin, Sergey"]
[Result "1-0"]
[WhiteElo "2760"]
[BlackElo "2754"]
[Annotator "TA"]
[PlyCount "55"]
[EventDate "2019.11.09"]
[EventType "tourn"]
[EventCountry "ROU"]
[SourceTitle "playchess.com"]
[Source "ChessBase"]
[SourceQuality "1"]

{[%evp 12,55,15,4,4,0,6,8,0,0,0,7,0,-6,-15,-29,24,-66,-37,-47,-23,-36,-12,-13,0,0,0,0,81,0,0,0,0,0,0,0,0,0,148,147,79,0,83,97,1013,1006]} 1. c4 Nf6 2. g3 e6 3. Bg2 d5 4. d4 Bb4+ 5. Nd2 O-O 6. Ngf3 dxc4 7. Qc2 a5 {E04: Open Catalan: 5 Nf3} 8. a3 Bxd2+ 9. Bxd2 b5 {The position is equal.} 10. a4 c6 11. e4 h6 12. g4 e5 (12... Nxg4 $6 13. e5 $16) 13. g5 $146 ({Predecessor:} 13. dxe5 Nfd7 14. O-O Qe7 15. axb5 cxb5 16. Bxa5 {1-0 (43) Cori Tello,J (2689)-Shtembuliak,E (2501) Burlingame 2018}) 13... hxg5 (13... Nh7 $142 $1) 14. dxe5 ({White should play} 14. Bxg5 $11 exd4 15. axb5) 14... g4 15. exf6 gxf3 16. fxg7 Re8 $1 ({But not} 16... fxg2 $2 17. gxf8=Q+ Kxf8 18. Rg1 $18) 17. Bxf3 {[#] 0-0-0 is the strong threat.} Nd7 {[%cal Bb8d7,Bd7e5,Be5d3][%mdl 32]} 18. O-O-O Ne5 19. Be2 $1 {Strongly threatening Kb1.} Qh4 {[#]} (19... Bg4 $11 20. Bxg4 Nxg4) 20. f4 (20. f3 $1 $16) 20... Bg4 $1 $11 {[%cal Rg4e2]} 21. Bxg4 $1 Nd3+ {[%mdl 64] Discovered Attack} 22. Kb1 Qxg4 23. Rhg1 $36 {[%mdl 2048] White is more active.} Qh5 24. Rg5 Qh4 (24... Qf3 $11) 25. axb5 cxb5 26. Rxb5 (26. Rdg1 $16 {Hoping for Qd1.} Qh7 27. Qd1 (27. Rxb5 Reb8 $16)) 26... Rxe4 (26... Reb8 $11 {keeps the balance.} 27. Rxb8+ (27. Qxc4 Qg4 $11) 27... Rxb8) 27. Bc3 $16 Qxf4 $2 {[%mdl 8192]} (27... Qh7 $16 28. f5 Qh5) 28. Rh5 {Accuracy: White = 58%, Black = 46%.} 1-0

[Event "Superbet Blitz GCT 2019"]
[Site "Bucharest"]
[Date "2019.11.09"]
[Round "1"]
[White "Korobov, Anton"]
[Black "Le, Quang Liem"]
[Result "0-1"]
[WhiteElo "2670"]
[BlackElo "2713"]
[Annotator "TA"]
[PlyCount "60"]
[EventDate "2019.11.09"]
[EventType "tourn"]
[EventCountry "ROU"]
[SourceTitle "playchess.com"]
[Source "ChessBase"]
[SourceQuality "1"]

{[%evp 16,150,27,21,21,20,25,8,28,17,19,33,9,-6,37,41,30,39,62,33,33,25,24,27,78,67,83,94,94,22,10,20,102,8,14,0,13,3,87,30,58,0,6,-68,-55,-71,-77,-56,-72,-55,-53,-120,-92,-182,-173,-258,-264,-260,-256,-254,-264,-279,-279,-278,-274,-271,-227,-233,-222,-212,-176,-195,-160,-320,-320,-350,-320,-320,-320,-320,-320,-320,-320,-320,-320,-320,-312,-312,-312,-312,0,-312,0,-273,-166,-185,-185,-177,-175,-268,-505,-1688,-391,-1276,-1559,-1362,-1068,-470,0,-1204,-465,-903,-820,-816,-662,-958,-769,-458,-425,-814,-766,-2000,-1735,-12842,-12843,-12843,-12841,-12841,-12842,-12841,-12843,-12843,-12843,-12843,-12844,-12845,-12846]} 1. d4 d5 2. c4 dxc4 3. e3 Nf6 4. Bxc4 e6 5. Nf3 c5 6. O-O a6 7. dxc5 Qxd1 8. Rxd1 Bxc5 9. Nbd2 {[%cal Bb1d2,Bd2b3,Bb3a5,Ba5c4,Bc4b6][%mdl 32]} Nbd7 {D27: Queen's Gambit Accepted: Classical main line: 7 e4!? and 7 a4} (9... b6 10. Be2 Bb7 11. Nc4 Nbd7 12. Nce5 Nxe5 13. Nxe5 O-O 14. b3 Rfd8 15. Bb2 Kf8 16. Bf3 Bxf3 17. Nxf3 Ke8 18. Kf1 Rxd1+ 19. Rxd1 a5 {½-½ (48) Indjic,A (2604)-Edouard,R (2646) Porto Carras 2018}) 10. Nb3 Be7 11. Na5 O-O {The position is equal.} 12. Bd2 Ne4 13. Be1 Bf6 14. Rab1 $146 ({Predecessor:} 14. Bb4 Nec5 15. Nb3 b6 16. Ba3 Bb7 17. Nfd4 {½-½ (46) Bruckmayr,F (2267)-Koch,C (2393) IECG email 1998}) 14... Ndc5 15. Be2 b6 16. Nc4 b5 17. Nb6 Rb8 18. Nxc8 Rfxc8 19. Nd4 e5 (19... Na4 $11) 20. Nf5 $16 g6 21. Nh6+ $1 Kf8 22. f3 (22. Ng4 $16) 22... Bg5 $1 $11 {[%cal Rg5h6]} 23. Ng4 Nf6 {[#]} (23... h5 $11 {keeps the balance.}) 24. Nxe5 (24. f4 $1 $16 {[%cal Rf4g5][%mdl 512]} Nxg4 (24... exf4 25. exf4) 25. Bxg4) 24... Bxe3+ 25. Kf1 Ne6 {[%cal Bc5e6,Be6f4,Bf4e2][%mdl 32]} 26. Bc3 Bg5 (26... b4 $11 {remains equal.} 27. Be1 Bd4) 27. a3 (27. g3 $1 $16) 27... Nf4 28. Rd6 (28. Bd2 $14 Re8 29. g3 Nxe2 30. Bxg5 Rxe5 31. Bxf6) 28... N6d5 29. Rxa6 (29. Bd2 $11 f6 30. Nd7+ Ke7 31. Rxd5 Nxd5 32. Nxb8 Rxb8 33. Bxg5 fxg5 34. Rc1) 29... Nxe2 $15 30. Nd7+ $1 Kg8 {Played: Kf8-e8} 0-1

[Event "Superbet Blitz GCT 2019"]
[Site "Bucharest"]
[Date "2019.11.09"]
[Round "2"]
[White "Aronian, Levon"]
[Black "Korobov, Anton"]
[Result "1/2-1/2"]
[WhiteElo "2772"]
[BlackElo "2670"]
[Annotator "RC"]
[PlyCount "80"]
[EventDate "2019.11.09"]
[EventType "tourn"]
[EventCountry "ROU"]
[SourceTitle "playchess.com"]
[Source "ChessBase"]
[SourceQuality "1"]
[TimeMode "Bronstein"]
[TimeControl "300+3"]

1. d4 {[%emt 0:00:00]} d5 {[%emt 0:00:00]} 2. c4 {[%emt 0:00:00]} c6 {[%emt 0:00:00]} 3. Nf3 {[%emt 0:00:00]} Nf6 {[%emt 0:00:00]} 4. Nc3 {[%emt 0:00:00]} e6 {[%emt 0:00:00]} 5. e3 {[%emt 0:00:00]} Nbd7 {[%emt 0:00:00]} 6. Qc2 {[%emt 0:00:00]} Bd6 {[%emt 0:00:00]} 7. Bd3 {[%emt 0:00:00]} O-O {[%emt 0:00:00]} 8. O-O {[%emt 0:00:00]} dxc4 {[%emt 0:00:00]} 9. Bxc4 {[%emt 0:00:00]} b5 {[%emt 0:00:00]} 10. Be2 {[%emt 0:00:00]} Bb7 {[%emt 0:00:00]} 11. Rd1 {[%emt 0:00:01]} Qc7 {[%emt 0:00:09]} 12. h3 {[%emt 0:00:17]} Rfe8 {[%emt 0:00:19]} 13. Nd2 {[%emt 0:00:10]} a6 {[%emt 0:00:52]} 14. Nce4 {[%emt 0:00:03]} c5 {[%emt 0:00:21]} 15. Nxd6 {[%emt 0:00:20]} Qxd6 {[%emt 0:00:03]} 16. dxc5 {[%emt 0:00:03]} Qxc5 {[%emt 0:00:03]} 17. Qxc5 {[%emt 0:00:12]} Nxc5 {[%emt 0:00:03]} 18. b3 {[%emt 0:00:40]} Red8 {[%emt 0:00:10]} 19. Ba3 {[%emt 0:00:49]} Nd3 {[%emt 0:00:08]} 20. Nb1 {[%emt 0:01:58]} Ne5 {[%emt 0:00:32]} 21. Nc3 {[%emt 0:00:03]} Rac8 {[%emt 0:00:11]} 22. Rac1 {[%emt 0:00:19]} h6 {[%emt 0:00:14]} 23. f3 {[%emt 0:00:10]} Rxd1+ {[%emt 0:00:16]} 24. Nxd1 {[%emt 0:00:03]} Rd8 {[%emt 0:00:24]} 25. Bb4 {[%emt 0:00:16]} Nd3 {[%emt 0:00:13]} 26. Bxd3 {[%emt 0:00:03]} Rxd3 {[%emt 0:00:03]} 27. Kf2 {[%emt 0:00:03]} Rd7 {[%emt 0:00:23]} 28. e4 {[%emt 0:00:03]} Nh5 {[%emt 0:00:03]} 29. Nb2 {[%emt 0:00:06]} f5 {[%emt 0:00:09]} 30. exf5 {[%emt 0:00:03]} exf5 {[%emt 0:00:03]} 31. Rd1 {[%emt 0:00:04]} Rxd1 {[%emt 0:00:03]} 32. Nxd1 {[%emt 0:00:03]} Nf4 {[%emt 0:00:03]} 33. Nb2 {[%emt 0:00:03]} Kf7 {[%emt 0:00:04]} 34. Bd2 {[%emt 0:00:03]} Ne6 {[%emt 0:00:03]} 35. Nd3 {[%emt 0:00:03]} g5 {[%emt 0:00:03]} 36. h4 {[%emt 0:00:04]} f4 {[%emt 0:00:03]} 37. Ne5+ {[%emt 0:00:03]} Kf6 {[%emt 0:00:07]} 38. Ng4+ {[%emt 0:00:03]} Kg6 {[%emt 0:00:03]} 39. Ne5+ {[%emt 0:00:03]} Kf6 {[%emt 0:00:03]} 40. Ng4+ {[%emt 0:00:05]} Kg6 {[%emt 0:00:03]} 1/2-1/2

[Event "Superbet Blitz GCT 2019"]
[Site "Bucharest"]
[Date "2019.11.09"]
[Round "2"]
[White "So, Wesley"]
[Black "Giri, Anish"]
[Result "1/2-1/2"]
[WhiteElo "2760"]
[BlackElo "2776"]
[Annotator "TA"]
[PlyCount "78"]
[EventDate "2019.11.09"]
[EventType "tourn"]
[EventCountry "ROU"]
[SourceTitle "playchess.com"]
[Source "ChessBase"]
[SourceQuality "1"]

{[%evp 9,78,10,9,0,9,0,12,19,18,0,36,29,22,0,48,56,43,46,85,85,88,76,74,85,89,59,83,104,89,23,44,0,0,-29,0,-112,-101,-129,-119,-118,-116,-129,-113,-134,0,-41,-46,-204,-172,-168,-22,-9,-64,-55,0,0,0,-108,-107,-107,-107,-110,-107,-104,0,0,0,0,0,0,0]} 1. c4 e5 2. g3 Nf6 3. Bg2 c6 4. d4 e4 5. Bg5 d5 6. Bxf6 {A20: English Opening: 1...e5} Bb4+ 7. Nc3 Qxf6 8. e3 Bxc3+ (8... O-O 9. Nge2 Be6 10. O-O Qe7 11. Nf4 Bxc3 12. bxc3 Nd7 {½-½ (27) So,W (2754)-Anand,V (2767) Zagreb 2019}) 9. bxc3 Qe7 $146 ({Predecessor:} 9... O-O 10. Ne2 Qd6 11. O-O f5 12. cxd5 cxd5 {½-½ (32) Straka,Z (2576)-Williamson,H (2531) ICCF email 2017}) 10. cxd5 cxd5 11. Ne2 $36 {[%mdl 2048] Black is under pressure.} Be6 12. O-O Nd7 {[%cal Bb8d7,Bd7f6,Bf6g4,Bg4e5,Be5d3][%mdl 32]} 13. c4 dxc4 14. Bxe4 Nf6 15. Bg2 O-O 16. Nc3 Rab8 17. Rb1 Rfd8 18. e4 Ng4 19. d5 (19. Qd2 $16) 19... Bd7 $1 $11 20. a4 Qc5 21. Qd2 Ne5 22. Kh1 (22. Rfd1 $11 {keeps the balance.}) 22... Nd3 $17 23. f4 a6 $1 24. e5 b5 25. axb5 axb5 26. d6 Bc6 (26... b4 $1 $17 {[%cal Rb4c3]} 27. Nd5 Kh8) 27. Ne4 Qd4 28. Ng5 $2 (28. Nf2 $1 $15 Bxg2+ 29. Kxg2) 28... Bxg2+ $1 $19 29. Qxg2 {[#]} h6 ({Black should play} 29... b4 $1 $19 30. e6 fxe6 31. Nxe6 Qxd6 32. Nxd8 Rxd8) 30. Qe4 $11 Qxe4+ 31. Nxe4 b4 (31... Rdc8 $1 $15) 32. Rf3 $1 f6 33. Nd2 (33. e6 $11 f5 34. Nd2 Rxd6 35. Nxc4) 33... fxe5 $17 34. Nxc4 e4 35. Re3 {[#]} Rbc8 $1 {[%cal Rc8c4]} 36. Nd2 Nf2+ (36... Rc3 $17 {...Nf2+ is the strong threat.} 37. Kg1 Nc5 38. Rxc3 bxc3) 37. Kg2 $11 {The position is equal.} Rxd6 38. Nxe4 Nxe4 39. Rxe4 Rd2+ {Accuracy: White = 59%, Black = 63%.} 1/2-1/2

[Event "Superbet Blitz GCT 2019"]
[Site "Bucharest"]
[Date "2019.11.09"]
[Round "2"]
[White "Karjakin, Sergey"]
[Black "Le, Quang Liem"]
[Result "1/2-1/2"]
[WhiteElo "2754"]
[BlackElo "2713"]
[Annotator "TA"]
[PlyCount "69"]
[EventDate "2019.11.09"]
[EventType "tourn"]
[EventCountry "ROU"]
[SourceTitle "playchess.com"]
[Source "ChessBase"]
[SourceQuality "1"]

{[%evp 14,69,11,12,19,21,38,43,44,36,36,42,39,37,51,37,46,44,31,20,29,13,32,29,30,22,23,20,22,23,28,0,28,0,2,3,3,3,6,0,0,0,0,-8,0,-15,-15,-15,-15,-15,-8,-8,0,-8,0,-9,-4,-7]} 1. e4 c5 2. Nf3 Nc6 3. Nc3 e5 4. Bc4 Be7 5. d3 d6 6. O-O Nf6 7. Nd5 O-O 8. c3 a6 {B30: Sicilian: 2...Nc6 3 Bb5, lines without ...g6} (8... Nxd5 9. Bxd5 Be6 10. Bxe6 fxe6 11. a3 Bf6 12. b4 b6 13. Be3 Qd7 14. Qb3 a5 15. Qc2 axb4 16. axb4 {½-½ (16) Fedorchuk,S (2669)-Cornette,M (2571) Vandoeuvre 2014}) 9. a3 Be6 10. Nxf6+ $146 ({Predecessor:} 10. Re1 b5 11. Ba2 h6 12. h3 a5 13. Nxf6+ Bxf6 14. Bxe6 fxe6 15. Qb3 Qd7 16. Qxb5 Rab8 {1-0 (58) Dimov,D (2262)-Slavov,J (1954) Plovdiv 2014}) 10... Bxf6 {White is slightly better.} 11. Bxe6 fxe6 12. b4 b5 13. Be3 Qe7 14. Qb3 Rfc8 15. Nd2 Rab8 16. g3 Kh8 17. Rfd1 Nd4 18. Qb2 Ne2+ 19. Kf1 cxb4 20. cxb4 Nd4 21. Rac1 h6 22. h4 Qd7 23. Rxc8+ Rxc8 {The position is equal.} 24. Rc1 Rxc1+ 25. Qxc1 Qc6 26. Qb2 Qc2 27. Qxc2 Nxc2 $11 {[%mdl 4096] Endgame KBN-KBN} 28. Nb1 h5 29. Ke2 Nxe3 30. fxe3 {KB-KN} Kg8 31. Nd2 Kf7 32. Nf3 Ke8 33. Kd2 Kd7 34. Kc3 Kc6 35. Kd2 {Accuracy: White = 47%, Black = 40%.} 1/2-1/2

[Event "Superbet Blitz GCT 2019"]
[Site "Bucharest"]
[Date "2019.11.09"]
[Round "2"]
[White "Artemiev, Vladislav"]
[Black "Caruana, Fabiano"]
[Result "1/2-1/2"]
[WhiteElo "2731"]
[BlackElo "2822"]
[Annotator "TA"]
[PlyCount "108"]
[EventDate "2019.11.09"]
[EventType "tourn"]
[EventCountry "ROU"]
[SourceTitle "playchess.com"]
[Source "ChessBase"]
[SourceQuality "1"]

{[%evp 9,108,14,16,18,29,36,35,33,54,35,32,35,46,20,43,8,8,5,20,8,36,28,51,46,47,47,48,44,55,45,54,47,48,46,48,40,79,67,72,36,88,60,134,46,49,35,44,0,0,0,0,0,0,0,0,0,0,0,0,0,0,4,27,0,0,0,0,0,0,0,13,0,13,0,0,0,16,16,23,0,0,0,23,23,23,10,0,0,25,0,0,0,0,0,0,0,0,0,0,0,0]} 1. d4 d5 2. Bg5 c6 3. Nf3 Qb6 4. b3 Bf5 (4... Bg4 5. Nbd2 Nd7 6. h3 Bh5 7. e3 e5 8. Be2 Bxf3 9. Nxf3 Bb4+ 10. Kf1 exd4 11. Qxd4 Ngf6 12. Bxf6 Nxf6 13. Qe5+ {½-½ (13) Matjushin,G (2489)-Sitnikov,A (2470) Donetsk 2010}) 5. e3 e6 6. Bd3 {D00: 1 d4 d5: Unusual lines} Bg6 7. O-O Nd7 8. c4 {White is slightly better.} Ngf6 9. Nc3 Bb4 10. Ne2 $146 ({Predecessor:} 10. Na4 Qd8 11. Ne5 Bxd3 12. Qxd3 Be7 13. Nxd7 Qxd7 14. cxd5 exd5 15. Nc5 Bxc5 16. Bxf6 Bf8 17. Be5 f6 18. Bg3 Bd6 19. Rac1 {½-½ (19) Dumitrescu,D (2345)-Kuehn,P (2230) Dresden 1994}) 10... O-O 11. a3 Be7 12. Ne5 {[#] Hoping for Nxd7.} Bxd3 13. Nxd3 (13. Nxd7 {is interesting.} Bxe2 14. Qxe2 Nxd7 15. Bxe7 Rfe8 16. Bd6) 13... Qd8 14. c5 Ne4 15. Bf4 Bg5 16. f3 Bxf4 17. exf4 Nef6 18. b4 a6 19. Qc2 g6 20. a4 Kg7 21. Rab1 h5 22. Nec1 h4 23. Nb3 Nh5 24. Rbe1 Qf6 (24... Rh8 $14) 25. Qd2 $16 Qf5 ({Black should play} 25... Rh8 $14) 26. Re2 (26. Kf2 $16) 26... Rh8 $14 27. Rfe1 Rab8 28. a5 Rh7 29. Na1 Rbh8 30. Nc2 Qf6 31. Qe3 Ng3 32. Rd2 Nf5 33. Qf2 Rh5 34. Ne5 Nxe5 35. fxe5 Qe7 36. f4 g5 37. Ne3 gxf4 38. Qxf4 Qg5 39. Nxf5+ Qxf5 40. Qe3 Qg4 41. Rf2 Rf5 42. Rxf5 (42. Ref1 {feels hotter.} h3 43. g3 Rhh5 44. Rf4 Qg6 45. Qd3) 42... Qxf5 $11 {[%mdl 4096] Endgame KQR-KQR} 43. Rf1 Qg6 44. Rf6 Qb1+ 45. Rf1 Qg6 46. h3 Rh5 47. Rf6 Qb1+ 48. Rf1 Qc2 49. Qf4 Qg6 {The position is equal.} 50. Rf2 Qb1+ 51. Kh2 Qg6 $1 52. Rf3 Rg5 53. Rf2 Rh5 54. Rf3 Rg5 {Accuracy: White = 43%, Black = 66%.} 1/2-1/2

[Event "Superbet Blitz GCT 2019"]
[Site "Bucharest"]
[Date "2019.11.09"]
[Round "3"]
[White "Caruana, Fabiano"]
[Black "So, Wesley"]
[Result "0-1"]
[WhiteElo "2822"]
[BlackElo "2760"]
[Annotator "TA"]
[PlyCount "96"]
[EventDate "2019.11.09"]
[EventType "tourn"]
[EventCountry "ROU"]
[SourceTitle "playchess.com"]
[Source "ChessBase"]
[SourceQuality "1"]

{[%evp 13,100,0,0,-8,0,0,0,-6,-8,-10,0,0,0,0,0,-48,-9,-12,-12,-12,-10,-37,-41,-66,-34,-35,17,34,16,-15,-2,0,-4,-16,16,-22,-6,-20,-14,-20,0,-59,-59,-59,-50,-52,-47,-92,-92,-92,-77,-77,-77,-170,-162,-206,-192,-273,-249,-438,-325,-520,-493,-479,-488,-685,-685,-680,-666,-597,-561,-549,-540,-515,-515,-500,-429,-593,-589,-1157,-1150,-1018,-987,-1248,-1234,-1234,-1267,-1161,-892]} 1. c4 c5 2. Nf3 Nf6 3. Nc3 Nc6 4. e3 e6 5. d4 d5 6. a3 a6 7. cxd5 exd5 8. g3 {D40: Queen's Gambit Declined: Semi-Tarrasch with 5 e3} (8. Be2 cxd4 9. Nxd4 Bd6 10. Bf3 O-O 11. O-O Be5 12. Qd3 Re8 13. Rd1 Bc7 14. Qc2 Ne5 15. Be2 Qd6 16. g3 Bd7 17. e4 dxe4 {0-1 (29) Kuzubov,Y (2628)-Ragger,M (2680) Martuni 2013}) 8... cxd4 $146 ({Predecessor:} 8... Bg4 9. Bg2 Ne4 10. O-O c4 11. Qc2 f5 12. Ne1 Nxc3 13. Qxc3 Be2 14. b3 Bxf1 15. Kxf1 Na5 16. bxc4 Nxc4 {0-1 (35) Rodenas Riesco,A (1627)-Gonzalez Berrendero,C San Sebastian 2008}) 9. Nxd4 Bg4 10. Nxc6 {The position is equal.} bxc6 11. Qa4 Qd7 12. Bg2 Be7 13. O-O O-O 14. Bd2 Bh3 15. Rac1 Bxg2 16. Kxg2 Qb7 17. Rc2 c5 {Strongly threatening ...d4+.} 18. f3 Rfd8 19. Ne2 Qb5 (19... Re8 $15) 20. Qxb5 $11 axb5 21. Bc3 Nd7 22. Rd1 Nb6 23. Kf2 Bd6 24. Rcd2 f6 25. Rd3 Kf7 26. h4 h5 27. Nf4 (27. Be1 $11) 27... Bxf4 $15 28. gxf4 {[#]} d4 $1 $36 {[%mdl 2560] Black is pushing.} 29. exd4 c4 $1 {[%cal Rc4d3]} 30. Re3 Nd5 31. Re4 Nxc3 32. bxc3 Rxa3 $17 {[%mdl 4096] Endgame KRR-KRR} 33. Re3 {[#]} (33. Rc1 $17) 33... Re8 $1 $19 34. Rxe8 Kxe8 {KR-KR} 35. Rc1 (35. Rb1 $142 Rb3 36. Rc1) 35... Kd7 36. f5 $2 (36. Ke2 {keeps fighting.}) 36... Kd6 37. Ke2 (37. Ke1 $142) 37... Kd5 {Black is clearly winning.} 38. Rc2 Rb3 39. Rc1 (39. Kd1 $142 b4 40. cxb4) 39... b4 40. cxb4 Rxb4 41. Rg1 Rb7 42. Rd1 Re7+ 43. Kd2 Kxd4 44. Kc2+ Kc5 45. Rd8 Re2+ 46. Kd1 Rh2 47. Rg8 Rxh4 48. Rxg7 Rd4+ {Played: Rh4-f4} 0-1